|
|
|
|
| LEADER |
00000nam a2200000 a 4500 |
| 001 |
vtls001288563 |
| 003 |
SK-MaSNL |
| 005 |
20260301004509.0 |
| 008 |
251113s1997 xo a r cze |
| 015 |
|
|
|a SNBA1997/1002984
|
| 020 |
|
|
|a 8088824516
|
| 035 |
|
|
|a SNK000240165
|
| 035 |
|
|
|a urn:nbn:sk:snk-amtj4c
|
| 035 |
|
|
|a urn:nbn:sk:snk-am00c5n5
|
| 035 |
|
|
|a 9824C002-F6DD-4318-82DF-B03BE5A08C4A
|
| 040 |
|
|
|a SNK
|b slo
|c SNK
|e AACR2
|
| 041 |
1 |
|
|a cze
|h eng
|
| 044 |
|
|
|a xo
|c SK
|
| 080 |
|
|
|a 620.9=850
|2 1981
|
| 100 |
1 |
|
|a Challoner, Jack
|4 aut
|9 216977
|
| 240 |
1 |
0 |
|a Energy
|l Česky
|
| 245 |
1 |
|
|a Energie
|c napsal Jack Challoner ; [z anglického originálu přeložil Michal Beneš]
|
| 260 |
|
|
|a Martin
|b Osveta
|c c1997
|
| 300 |
|
|
|a 64 s.
|b fotogr.
|c 29 cm
|
| 490 |
1 |
|
|a Věda na vlastní oči
|
| 500 |
|
|
|a Rozlož. fotogr. na tit. strane. Ilustr. na predsádkach
|
| 500 |
|
|
|a Údaj o prekl. prevzatý z rubu tit. strany
|
| 504 |
|
|
|a Reg.
|
| 650 |
0 |
7 |
|a energia
|x výklady populárno-náučné
|2 SNK
|9 287400
|
| 655 |
|
7 |
|a encyklopédie
|2 SNK
|9 28776
|
| 700 |
1 |
|
|a Beneš, Michal
|4 trl
|9 10366
|
| 830 |
|
0 |
|a Věda na vlastní oči
|9 287401
|
| 919 |
|
|
|a 80-88824-51-6
|
| 958 |
|
|
|a TL
|
| 958 |
|
|
|a OP
|
| 958 |
|
|
|a NS
|
| 958 |
|
|
|a GB
|
| 958 |
|
|
|a CZ
|
| 958 |
|
|
|a OND
|
| 968 |
|
|
|a Čes
|b ENG
|
| 999 |
|
|
|c 542313
|d 544243
|
| 952 |
|
|
|t P60, <03>, [BOOK], {603}
|a SNK
|b SNK
|y PREZ
|7 0
|p 17A0069213
|o snkSB 57159
|i snkKSP 5986/97
|0 0
|1 0
|4 0
|d 1997-06-12
|f 1
|l 0
|r 2025-04-09 00:00:00
|w 2026-02-23
|
| 952 |
|
|
|t P60, <04>, [BOOK], {604}
|a SNK
|b SNK
|y VYP
|7 0
|p 17A0069212
|o snkSB 57159 D1
|i snkKSP 5987/97
|0 0
|1 0
|4 0
|d 1997-06-12
|l 0
|r 2005-01-02 00:00:00
|w 2026-02-23
|
| 952 |
|
|
|t P60, <09>, [BOOK], {629}
|a SNK
|b SNK
|y NEVYP
|7 0
|o snkB 707
|i snk2671/970613
|0 0
|1 0
|4 0
|d 1997-06-12
|l 0
|r 2005-01-02 00:00:00
|w 2026-02-23
|